000
00303nam a22001337a 4500
008
181012b xxu||||| |||| 00| 0 eng d
020
_a
0312598122
041
_a
eng
080
_2
2nd
_a
371
100
_a
46
101
_a
EDU
245
_a
Patterns for College Writing
_c
Kirszner,L.G
942
_2
udc
_c
BK
999
_c
49588
_d
49588